Представление документа в формате MARC21

Поле Инд. ПП Название Значение
Тип записи a
Библиографический уровень s
001 Контрольный номер DU/612893491
005 Дата корректировки 20230512103122.0
008 Кодируемые данные 20190603
022 0_ a ISSN 0040-3601
041 a Код языка текста rus
084 a Индекс другой классификации/Индекс ББК 75
090 a Полочн. индекс 95.2+75
099 a Индекс 70966
245 10 a Заглавие Теория и практика физической культуры
n Номер части/ раздела №5/2019
b Продолж. заглавия ежемесячный научно-теоретический журнал
c Ответственность гл. ред. Л. Лубышева
260 c Дата издания 2019
b Издательство Теория и практика физической культуры
a Место издания Москва
300 a Объем 104 с.
500 a Примечание Журнал
530 a Примеч. о доп. формах оглавление
650 14 a Основная рубрика спорт
a Основная рубрика туризм
a Основная рубрика физическая культура
653 a Ключевые слова агрессия
a Ключевые слова адаптивная физическая культура
a Ключевые слова активные методы обучения
a Ключевые слова анаэробные физические нагрузки
a Ключевые слова аэробная нагрузка
a Ключевые слова баскетбол
a Ключевые слова бокс
a Ключевые слова Всероссийский физкультурно-спортивный комплекс «Готов к труду и обороне» (ГТО)
a Ключевые слова выпускные квалификационные работы (ВКР)
a Ключевые слова высшее образование
a Ключевые слова гендерные особенности
a Ключевые слова Государственная итоговая аттестация (ГИА)
a Ключевые слова греко-римская борьба
a Ключевые слова двигательная активность
a Ключевые слова дзюдо
a Ключевые слова здоровый образ жизни
a Ключевые слова здоровьесберегающие технологии
a Ключевые слова инклюзивное образование
a Ключевые слова инновационные технологии
a Ключевые слова интерактивные методы обучения
a Ключевые слова Италия
a Ключевые слова квест-технологии
a Ключевые слова Китай
a Ключевые слова легкая атлетика
a Ключевые слова люди с ограниченными возможностями
a Ключевые слова мотивация
a Ключевые слова плавание
a Ключевые слова профессиональное образование
a Ключевые слова респираторные заболевания
a Ключевые слова Россия
a Ключевые слова социально-психологическая безопасность
a Ключевые слова спортивная подготовка
a Ключевые слова терроризм
a Ключевые слова тяжелая атлетика
a Ключевые слова физические нагрузки
a Ключевые слова физкультурно-оздоровительная деятельность
a Ключевые слова физкультурно-спортивная работа
a Ключевые слова футбол
a Ключевые слова хоккей
a Ключевые слова шахматы
773 08 w Контрольный № источника RU/IS/BASE/412430062
900 a Имя электронного ресурса P_teor_prak_fiz_ku_5_19
x Справочная информация оглавление
901 t Тип документа s
952 a Тип литературы для КСУ ВШ НПЖ
991 s 6